<?xml version="1.0" encoding="UTF-8"?>
<marc:record xmlns:marc="http://www.loc.gov/MARC21/slim">
   <marc:leader>00000nam a2200000 a 4500</marc:leader>
   <marc:datafield ind1="1" ind2=" " tag="100">
      <marc:subfield code="a">Urberuaga, Emilio</marc:subfield>
      <marc:subfield code="4">aut</marc:subfield>
      <marc:subfield code="e">Verfasser/-in</marc:subfield>
   </marc:datafield>
   <marc:datafield ind1="0" ind2="0" tag="245">
      <marc:subfield code="a">Hilda, das Riesenschaf</marc:subfield>
   </marc:datafield>
   <marc:datafield ind1="0" ind2="0" tag="245">
      <marc:subfield code="c">Emilio Urberuaga</marc:subfield>
   </marc:datafield>
   <marc:datafield ind1=" " ind2="1" tag="264">
      <marc:subfield code="a">Kiel [u.a.]</marc:subfield>
      <marc:subfield code="b">Bohem-Press</marc:subfield>
      <marc:subfield code="c">1994</marc:subfield>
   </marc:datafield>
   <marc:datafield ind1="1" ind2=" " tag="520">
      <marc:subfield code="a">Das Riesenschaf gibt 20 Hirten Arbeit und guten Verdienst, doch eines Tages werden die Hirten faul und bereden, wie sie mit dem Verkauf von Hildas Fleisch ein für allemal reich werden könnten. Von Todesangst getrieben rennt die arme Hilda in die Stadt, stiftet Verwirrung in den Strassen, erschreckt einen Zirkusdirektor und kommt schliesslich zum Meeresufer, wo sich ihr Schicksal wendet. Sie rettet ein kleines Schaf, das aus Angst vor Wölfen ins Meer gesprungen ist, vor dem Ertrinken und findet danach als Wolfsschreck bei der Herde der kleinen Schafe neuen Lebensraum. Gutes Identifikationsangebot: 2 Ausgestossene und Schwache retten einander das Leben. Anmutend die Aquarelle, auf denen Hildas gemütvolle Riesenhaftigkeit die Relationen bestimmt. - Empfohlen für Kinder ab 4 Jahren.</marc:subfield>
   </marc:datafield>
   <marc:datafield ind1=" " ind2=" " tag="020">
      <marc:subfield code="a">3855812624</marc:subfield>
      <marc:subfield code="9">3855812624</marc:subfield>
   </marc:datafield>
   <marc:datafield ind1=" " ind2=" " tag="500">
      <marc:subfield code="a">Aus dem Span. übers.</marc:subfield>
   </marc:datafield>
   <marc:datafield ind1=" " ind2=" " tag="300">
      <marc:subfield code="a">[14] Bl. : überw. Ill. (farb.)</marc:subfield>
   </marc:datafield>
</marc:record>
